Progressive General Knowledge Test #1 - Statistics

General Stats
  • This quiz has been taken 1,999 times
  • The average score is 10 of 20
Answer Stats
Question Answer % Correct
What type of medal does a first place holder typically receive? Gold
100%
What is the most practiced religion in Israel? Judaism
97%
What is the capital of Greece? Athens
96%
What is the NATO military alphabet code word for the letter A? Alpha
86%
How many points is a bullseye worth in darts? 50
81%
What shape is each individual cell of a honeycomb? Hexagonal
79%
For whom is the month of July named? Julius Caesar
75%
At what age may Americans legally drink alcohol? 21
67%
To which family of instruments does a trombone belong? Brass
67%
A person that can use both their right and left hands equally is called what? Ambidextrous
63%
Flamenco dancing is associated with which nation? Spain
61%
In which body of water was the Deepwater Horizon oil rig? Gulf of Mexico
38%
And which company owned it? BP
33%
To which island was Napoleon exiled before the Battle of Waterloo? Elba
25%
In which city are the headquarters of the international Red Cross? Geneva
21%
The word ovine describes what animals? Sheep
18%
In music, what is the distance in pitch between notes called? Interval
14%
What type of food is vichyssoise? Soup
8%
Rontgen rays are better known as what? X-rays
6%
How many muscles are in the human body? 650
2%
No matching quizzes found
Score Distribution
Percent of People with Each Score
Percentile by Number Answered
Your Score History
You have not taken this quiz